Industrial injuries to women. (Record no. 36583)

MARC details
000 -LEADER
fixed length control field 00722cam a22002411 4500
001 - CONTROL NUMBER
control field l 47000108
003 - CONTROL NUMBER IDENTIFIER
control field DLC
005 - DATE AND TIME OF LATEST TRANSACTION
control field 20260227111540.0
008 - FIXED-LENGTH DATA ELEMENTS--GENERAL INFORMATION
fixed length control field 810320s1947 dcua f000 0 eng c
010 ## - LIBRARY OF CONGRESS CONTROL NUMBER
LC control number l 47000108
035 ## - SYSTEM CONTROL NUMBER
System control number (OCoLC)7245730
040 ## - CATALOGING SOURCE
Original cataloging agency U.S. Dept. of Labor. Library
Transcribing agency ViBlbV
Modifying agency ViBlbV
-- DLC
042 ## - AUTHENTICATION CODE
Authentication code premarc
050 00 - LIBRARY OF CONGRESS CALL NUMBER
Classification number HD6093
Item number .A35 no. 212
082 ## - DEWEY DECIMAL CLASSIFICATION NUMBER
Classification number 331.823
100 1# - MAIN ENTRY--PERSONAL NAME
Personal name Mohr, Jennie,
Dates associated with a name 1901-
245 10 - TITLE STATEMENT
Title Industrial injuries to women.
260 ## - PUBLICATION, DISTRIBUTION, ETC.
Place of publication, distribution, etc. [Washington,
Date of publication, distribution, etc. 1947]
300 ## - PHYSICAL DESCRIPTION
Extent iii, 20 p.
Other physical details tables.
Dimensions 24 cm.
410 10 - SERIES STATEMENT/ADDED ENTRY--CORPORATE NAME [OBSOLETE, CAN/MARC], [LOCAL, USA]
Corporate name or jurisdiction name as entry element United States.
Subordinate unit Women's Bureau.
Title of a work Bulletin
Volume number/sequential designation no. 212
650 #0 - SUBJECT ADDED ENTRY--TOPICAL TERM
Topical term or geographic name entry element Industrial accidents
Geographic subdivision United States.
650 #0 - SUBJECT ADDED ENTRY--TOPICAL TERM
Topical term or geographic name entry element Women
General subdivision Employment
Geographic subdivision United States.

No items available.

Powered by Koha